Language Quiz

Random Language or Letter Quiz
Score 0/39 Timer 06:00
0 Plays Today
Last 4 letters Words % Correct
-MPLYSimply
81.1%
-SUMEResume
77.5%
-SUMEAssume
75.2%
-EECHLeech
75.1%
-IPLETriple
71.2%
-IPERViper
64.8%
-SUMEConsume
64.1%
-MPLYImply
62.3%
-EECHSpeech
59.4%
-IPERSniper
58.5%
-ZZLEPuzzle
58.1%
-EMPTExempt
57.9%
-EECHScreech
57.4%
-ZZLEDazzle
55.4%
-MPLYComply
55%
-PICSTopics
53.1%
-SUMEPresume
53%
-IPERPiper
52.6%
-MPLYAmply
50.8%
-EECHBeech
50.5%
Last 4 letters Words % Correct
-EMPTPreempt
42.4%
-EMPTContempt
41.3%
-ZZLEDrizzle
39.7%
-EMPTTempt
39.4%
-ZZLEMuzzle
38.9%
-PICSTropics
36.6%
-PICSEpics
33.7%
-EMPTAttempt
33.3%
-IPLEMultiple
29.7%
-EMPTUnkempt
26.2%
-EECHBeseech
25.9%
-IPERJuniper
23.5%
-EECHBreech
23%
-ZZLENozzle
20.1%
-PICSOlympics
15.6%
-IPLEDisciple
10.3%
-IPERCaliper
9.1%
-IPLEPrinciple
5.5%
-IPLEParticiple
3.1%

You're not logged in!

Compare scores with friends on all Sporcle quizzes.
OR
Log In

Sporcle TV

Today on Sporcle TV


Watch our educational content, quiz creation guides, and fun videos on Sporcle TV.

Show Comments

Extras

Top Quizzes Today


Score Distribution

Paid Content

Your Account Isn't Verified!

In order to create a playlist on Sporcle, you need to verify the email address you used during registration. Go to your Sporcle Settings to finish the process.

Report this User

Report this user for behavior that violates our Community Guidelines.

Details: